| 000 | 01595nam a2200421 i 4500 | ||
|---|---|---|---|
| 001 | DIGICB0539 | ||
| 003 | NyNyDIG | ||
| 007 | cr ||||||||||| | ||
| 008 | 230502s2015 sp ob 000 0 spa d | ||
| 006 | m o d | ||
| 035 | _a(OCoLC)1379463947 | ||
| 040 |
_aDGITA _beng _erda _epn _cDGITA |
||
| 020 |
_a9788418781339 _qpdf |
||
| 020 | _z9788415100843 | ||
| 050 | 1 | 4 | _aHQ1236 ebook |
| 245 | 0 | 0 |
_aImpulso de la igualdad de oportunidades entre mujeres y hombres / _ccoordinadora de la obra, Paloma Ramos Ramos. |
| 250 | _a2a edición. | ||
| 264 | 1 |
_aMálaga, España : _bICB Editores, _c[2015] |
|
| 300 | _a1 online resource. | ||
| 336 |
_atext _btxt _2rdacontent |
||
| 337 |
_acomputer _bc _2rdamedia |
||
| 338 |
_aonline resource _bcr _2rdacarrier |
||
| 347 |
_atext file _2rdaft |
||
| 347 | _bPDF | ||
| 500 | _a"Incluye solucionario."--Cover. | ||
| 504 | _aIncludes bibliographical references. | ||
| 588 | 0 | _aOnline resource; title from PDF title page (Digitalia, viewed May 2, 2023) | |
| 650 | 0 | _aWomen's rights. | |
| 650 | 0 |
_aWomen _xLegal status, laws, etc. |
|
| 650 | 0 | _aSex discrimination against women. | |
| 700 | 1 |
_aRamos Ramos, Paloma, _eeditor. |
|
| 791 | 2 |
_aDigitalia (Firm), _edistributor. |
|
| 793 | 0 |
_gDigitalia eBook Collection: _aICB Editores |
|
| 776 | 0 | 8 |
_iPrint version: _tImpulso de la igualdad de oportunidades entre mujeres y hombres. _b2a edición. _dMálaga, España : ICB Editores, [2015] _z9788415100843 |
| 856 | 4 | 0 |
_3Digitalia Hispánica _uhttps://www.digitaliapublishing.com/a/125524/ |
| 910 | _aPremium collection: 2023 | ||
| 942 | _cRAA | ||
| 999 |
_c277433 _d277433 |
||